000 00559nam a22001697a 4500
003 BD-DhUL
005 20170305193425.0
008 170305b2008 bg ||||| |||| 00| 0 b d
040 _aBD-DhUL
_cBD-DhUL
082 _a394.203
_bKAD
100 _aকামাল, মোস্তফা
245 _aদিবস বিশ্বকোষ /
_cমোস্তফা কামাল
260 _aঢাকা :
_bমেলা ,
_c২০০৮
300 _a৪২৯ পৃ. :
_c২১ সে.মি.
650 _aবিশ্বকোষ
942 _2ddc
_cREF
999 _c159921
_d159921